Фильмы и мультфильмы с Арменом Джигарханяном - Армагеддон - Statistics

General Stats
  • This quiz has been taken 18 times
  • The average score is 5 of 15
Answers on the Grid
Answers color-coded by a green-red scale on the quiz's grid according to % correct below.
Кавказская пленница, или Новые приключения Шурика
Приключения поросёнка Фунтика
Контрабандист
Старая, старая сказка
Формула любви
Беспредел
Мимино
Ширли-мырли
Ярик
Старики-разбойники
Вверх
Звезда пленительного счастья
Князь Удача Андреевич
Жмурки
Остров сокровищ
Дело было в Пенькове
Расставания
Не было бы счастья
Здравствуйте, я - ваша тётя
Ворошиловский стрелок
Капитан Волконогов бежал
Паспорт
Шрек
Биндюжник и король
Тачки
Господин оформитель
Жил-был пёс
Не может быть
Емельян Пугачёв
Место встречи изменить нельзя
 
Answer Stats
Answer % Correct
Приключения поросёнка Фунтика
82%
Место встречи изменить нельзя
82%
Здравствуйте, я - ваша тётя
64%
Ширли-мырли
45%
Остров сокровищ
45%
Жил-был пёс
45%
Вверх
27%
Биндюжник и король
27%
Тачки
18%
Контрабандист
9%
Паспорт
9%
Формула любви
0%
Ярик
0%
Князь Удача Андреевич
0%
Расставания
0%
No matching quizzes found
Score Distribution
Percent of People with Each Score
Percentile by Number Answered
Your Score History
You have not taken this quiz